| 000 | 00651nab a2200193 4500 | ||
|---|---|---|---|
| 001 | 244442 | ||
| 003 | OSt | ||
| 005 | 20230807115838.0 | ||
| 007 | tu | ||
| 008 | 200917s2020||||||| | ||
| 040 |
_aDE-2950 _cDE-2950 |
||
| 245 | 0 | 0 |
_aHip-Hop im neuen Tanzstudio _cSelim Pekel _bUnterricht. Es begann damit, dass eine junge Frau per Instagram Mitstreiterinnen suchte. Als der Raum im Mikado zu klein wurde, startete sie eine Spendenkampagne/ |
| 264 | _c2023 | ||
| 653 | _aFrankfurt (Oder) | ||
| 653 | _aHip-Hop | ||
| 653 | _aElise Gohlke | ||
| 773 | 0 |
_g34. Jahrgang (2023) Nr. 179 vom 03.08.2023, S. 15, mit Foto _tMärkische Oderzeitung |
|
| 942 |
_2z _cA |
||
| 999 |
_c372668 _d372668 |
||